000 00693nam a22002417a 4500
003 UA-OsUOA
001 21067
007 ta
008 20031113b un ||||| |||| 00| 0 ukr d
090 _a94(477)(03)
_bМ19
942 _cBK
040 _aUA-OsUOA
_bukr
_cUA-OsUOA
_dUA-OsUOA
245 _aМалий словник історії України
_cВ. Смолія, В Верстюка, С. Віднянського
300 _a464 с.
955 _a2
041 _aukr
080 _a94(477)(03)
020 _a5-325-00781-5
260 _aКиїв
_bЛибідь
_c1997
044 _aUA
650 7 _a9 Географія. Біографії. Історія
_2UDC
999 _c307259
_d307259